Big 4 Sports Teams Logos Quiz Stats

 Plays Quiz not verified by Sporcle

Also try: 4-Letter MLB Teams
Challenge
Share
Tweet
Score 0/123 Timer 15:00
0 Plays Today
% Correct
New York Yankees
99.1%
Chicago Cubs
87.2%
Los Angeles Dodgers
79.5%
St. Louis Cardinals
76.1%
Houston Astros
74.4%
New York Mets
73.5%
San Francisco Giants
73.5%
Texas Rangers
73.5%
Toronto Blue Jays
71.8%
Detroit Tigers
70.9%
Baltimore Orioles
70.1%
Boston Red Sox
69.2%
Los Angeles Angels
69.2%
Pittsburgh Pirates
67.5%
Wasington Nationals
66.7%
Atlanta Braves
65.8%
Kansas City Royals
62.4%
Cincinnati Reds
60.7%
Chicago White Sox
59.8%
Chicago Bulls
59.8%
Miami Heat
59.8%
Miami Marlins
59%
San Diego Padres
59%
Cleveland Cavaliers
59%
New York Knicks
59%
Boston Celtics
59%
Tampa Bay Rays
58.1%
Houston Rockets
58.1%
New Orleans Pelicans
58.1%
San Antonio Spurs
58.1%
Milwaukee Brewers
57.3%
Golden State Warriors
57.3%
Toronto Raptors
57.3%
Denver Broncos
57.3%
Oklahoma City Thunder
56.4%
Dallas Mavericks
56.4%
Sacramento Kings
56.4%
Minnesota Timberwolves
56.4%
Los Angeles Rams
56.4%
Milwaukee Bucks
55.6%
Brooklyn Nets
55.6%
% Correct
Memphis Grizzlies
55.6%
Orlando Magic
55.6%
Charlotte Hornets
55.6%
New York Giants
55.6%
Minnesota Vikings
55.6%
Carolina Panthers
55.6%
Atlanta Falcons
55.6%
Baltimore Ravens
55.6%
Buffalo Bills
55.6%
Miami Dolphins
55.6%
Atlanta Hawks
54.7%
Dallas Cowboys
54.7%
Detroit Lions
54.7%
Los Angeles Chargers
54.7%
Indianapolis Colts
54.7%
Washington Wizards
53.8%
Utah Jazz
53.8%
San Francisco 49ers
53.8%
New Orleans Saints
53.8%
Houston Texans
53.8%
Arizona Cardinals
53.8%
Kansas City Chiefs
53%
Cincinnati Bengals
53%
Tennessee Titans
53%
Phoenix Suns
52.1%
Pittsburgh Penguins
52.1%
Chicago Bears
51.3%
Denver Nuggets
50.4%
Boston Bruins
50.4%
Philadelphia Flyers
50.4%
New England Patriots
49.6%
Anaheim Ducks
49.6%
Los Angeles Kings
49.6%
Oakland Raiders
47.9%
Chicago Blackhawks
47.9%
San Jose Sharks
47.9%
Calgary Flames
47%
Minnesota Twins
46.2%
Oakland A's
46.2%
Detroit Pistons
46.2%
Cleveland Browns
46.2%
% Correct
Ottawa Senators
46.2%
Winnipeg Jets
46.2%
Cleveland Indians
45.3%
Philadelphia 76ers
45.3%
Nashville Predators
45.3%
Vancouver Canucks
44.4%
New Jersey Devils
44.4%
Green Bay Packers
42.7%
Montreal Canadiens
42.7%
Minnesota Wild
42.7%
Tampa Bay Lightning
42.7%
Seattle Mariners
41.9%
Pittsburgh Steelers
41.9%
New York Jets
41.9%
Detroit Red Wings
41%
Colorado Avalanche
41%
Dallas Stars
41%
Washington Capitals
40.2%
St. Louis Blues
40.2%
Carolina Hurricanes
40.2%
Florida Panthers
40.2%
Arizona Coyotes
40.2%
Seattle Seahawks
38.5%
Philadelphia Eagles
38.5%
Washington Redskins
38.5%
New York Rangers
38.5%
Indiana Pacers
37.6%
Buffalo Sabres
37.6%
Vegas Golden Knights
36.8%
Jacksonville Jaguars
35.9%
Los Angeles Clippers
35%
Portland Blazers
35%
Toronto Maple Leafs
35%
Tampa Bay Bucs
33.3%
Philadelphia Phillies
32.5%
Colorado Rockies
31.6%
Edmonton Oilers
31.6%
Columbus Blue Jackets
30.8%
Los Angeles Lakers
26.5%
New York Islanders
26.5%
Arizona Dbacks
25.6%

You're not logged in!

Compare scores with friends on all Sporcle quizzes.
OR
Log In

You Might Also Like...

Show Comments

Extras

Created Jun 23, 2017ReportNominate
Tags:Sports Teams Quiz, Big 4, team

Top Quizzes Today


Score Distribution

Your Account Isn't Verified!

In order to create a playlist on Sporcle, you need to verify the email address you used during registration. Go to your Sporcle Settings to finish the process.

Report this User

Report this user for behavior that violates our Community Guidelines.

Details: